| 000 | 00667nam a2200193 i 4500 | ||
|---|---|---|---|
| 001 | 81578 | ||
| 003 | ES-MaACL | ||
| 005 | 20251005063055.0 | ||
| 007 | t| | ||
| 008 | 041105s1916 sp ||||1| spa d | ||
| 100 | 1 |
_aHuici Miranda, Ambrosio, _d1880-1973 _964662 |
|
| 245 | 1 | 0 |
_aEstudio sobre la campaña de las Navas de Tolosa / _cA. Huici. |
| 260 |
_aValencia : _b[s.n.], _c1916 ( _fImp. Hijos de F. Vives Mora) |
||
| 300 |
_a196 p. : _bil. ; _c25 cm. |
||
| 594 | _aPrecede al tít.: Anales del Instituto General y Técnico de Valencia. | ||
| 650 | 0 | 4 |
_aNavas de Tolosa, Batalla de, 1212. _915494 |
| 852 |
_aES-MaACL _j1506-F-7 |
||
| 999 |
_c81578 _d81578 |
||